Partial differential equations with Fourier series and boundary value problems

Gorde:
Xehetasun bibliografikoak
Egile nagusia: Asmar, Nakhlé H (Egilea)
Formatua: Liburua
Hizkuntza:ingelesa
Argitaratua: Pearson Education 2005
Edizioa:2a. ed
Gaiak:
Etiketak: Etiketa erantsi
Etiketarik gabe, Izan zaitez lehena erregistro honi etiketa jartzen!

MARC

LEADER 00000cam a2200000 a 4500
001 UCG7932
003 CL-VaPUC
008 111028e20050000US |||||||||||||||||eng|d
020 |a 0131480960 
082 0 4 |a 515.353  |b ASM  |2 21 
100 0 |a Asmar, Nakhlé H  |e author  |9 558436 
245 1 0 |a Partial differential equations with Fourier series and boundary value problems 
250 |a 2a. ed 
300 |a 690 p 
942 |c BK 
945 |d 20111028 00:00:00  |a dcastane 
260 |b Pearson Education  |c 2005 
650 0 |a Ecuaciones diferenciales parciales   |9 269889 
650 0 |a Ecuaciones hiperbólicas   |9 425022 
650 7 |a ECUACIONES ELIPTICAS  |2 CL-VaPUC  |9 424132 
650 0 |a Ecuaciones parabólicas  |9 424133 
583 |a last modification  |c 20111028 11:35:00  |k Rodrigo Vera 
999 |c 345620  |d 345618 
952 |0 0  |1 0  |4 0  |6 515_353000000000000_ASM_2005  |7 0  |8 A  |9 444548  |a BIBMAT  |b BIBMAT  |d 2019-11-22  |i 4792831  |o 515.353 ASM 2005  |p 4792831  |r 2025-01-07  |w 2019-11-22  |y BK  |k MAT